Antecedentes y creación de la Universidad de Costa Rica /

Zapisane w:
Opis bibliograficzny
1. autor: Molina, María
Kolejni autorzy: Rodríguez Vega, Eugenio, Obregón Loría, Rafael
Format: Texto
Wydane: San José: Universidad de Costa Rica
Etykiety: Dodaj etykietę
Nie ma etykietki, Dołącz pierwszą etykiete!

MARC

LEADER 00000 a a2200000 04500
001 20412
003
040
090 |a 085300  
100 |a Molina, María  
245 |a Antecedentes y creación de la Universidad de Costa Rica /  |c María Molina 
260 |a San José:   |b Universidad de Costa Rica  
300 |a 39 p.  
700 |a Rodríguez Vega, Eugenio  
700 |a Obregón Loría, Rafael  
999 |c 11319  |d 11319